000 00698nam a2200229Ia 4500
001 15452
003 GE_BSU
008 181216s||||||||xx |||||||||||||| ||und||
040 _cGE_BSU
080 _a821.353.1-31
100 _aჩაჩანიძე,როდამ
245 _aლურჯი წიგნი
245 _bრომანი
245 _cრედ.ზ.ფირცხალაიშვილი. მხატვ.თ.ღლონტი
260 _aბათუმი
260 _bსაბჭოთა აჭარა
260 _c1977
300 _a164გვ,20სმ.
653 _aლურჯი წიგნი
653 _aრომანი
942 _cBK
999 _c48555
_d48555